| 000 | 00693nam a22001935i 4500 | ||
|---|---|---|---|
| 001 | 158876 | ||
| 003 | ES-MaACL | ||
| 005 | 20250826070419.0 | ||
| 008 | 990428s1872 sp f |||| | spa d | ||
| 040 |
_aCCPB | B _bspa _cCCPB | B |
||
| 100 | 1 |
_aMartín, Melitón. _977355 |
|
| 245 | 1 | 3 |
_aLa filosofía del sentido comun / _cpor Meliton Martín. |
| 260 |
_aMadrid : _b[s.n.], _c1872 ( _fImprenta de Segundo Martinez) |
||
| 300 |
_a281 p., [2] h. de lám. pleg. ; _c22 cm. |
||
| 599 | _aLas h. pleg. representan estudios sobre la verdad relativa y el trabajo intelectual. | ||
| 650 | 0 | 4 |
_aTrabajo- _xFilosofía _917595 |
| 852 |
_aES-MaACL _jF-11538 _z-- Enc. hol. |
||
| 999 |
_c158876 _d158876 |
||